000 00829nam a2200241 i 4500
001 19126
003 ES-MaACL
005 20250804072402.0
007 t|
008 020522s2001 sp ||||1| spa d
020 _a84-206-7244-0
080 _a821.111(73)-14"18"
100 1 _aDickinson, Emily.
_944493
245 1 0 _aAntología bilingüe /
_cEmily Dickinson ; prólogo, selección y traducción de Amalia Rodríguez Monroy.
260 _aMadrid :
_bAlianza Editorial,
_c[2001]
300 _a300 p. ;
_c18 cm.
490 1 _aEl libro de bolsillo. Literatura ;
_v5590
500 _aTexto original y traducción al español.
700 1 _aRodríguez Monroy, Amalia.
_998676
830 0 3 _aEl libro de bolsillo.
_pLiteratura
_v5590
_9180913
852 _aES-MaACL
_jL-25530
_bR.131345
999 _c19126
_d19126